[Event "Nyiregyhaza op"]
[Site "?"]
[Date "1996.??.??"]
[Round "7"]
[White "Sebok Istvan"]
[Black "Lazar Janos"]
[Result "1/2-1/2"]
[WhiteElo "2060"]
[BlackElo "2270"]
[PlyCount "90"]
[EventDate "1996.??.??"]
[Source "www.chesslib.no"]
[SourceDate "2004.05.04"]

1. e4 e5 2. Nf3 Nf6 3. Bc4 Nxe4 4. Nc3 Nc6 5. O-O Nxc3 6. dxc3 Be7 7. Qd5 O-O 8. Nxe5 Nxe5 9. Qxe5 Bf6 10. Qg3 d5 11. Bd3 Be6 12. Bf4 c6 13. Rae1 Qd7 14. Be5 Bxe5 15. Rxe5 Rae8 16. f4 Bg4 17. Rxe8 Rxe8 18. f5 Bh5 19. Qg5 Be2 20. f6 Qg4 21. Qxg4 Bxg4 22. h3 Bh5 23. fxg7 Kxg7 24. Kf2 Bg6 25. Re1 Rxe1 26. Kxe1 Kf6 27. Kf2 Be4 28. g3 Ke5 29. Ke3 c5 30. c4 d4+ 31. Kf2 f5 32. a3 h6 33. b3 b6 34. b4 a6 35. bxc5 bxc5 36. Kg1 Bc6 37. Kf2 Be4 38. Kg1 f4 39. Kf2 Bxd3 40. cxd3 fxg3+ 41. Kxg3 a5 42. Kg4 a4 43. h4 Kf6 44. Kf4 Ke6 45. Ke4 h5 1/2-1/2

[Event "Frydek-Mistek op (Women)"]
[Site "?"]
[Date "1997.??.??"]
[Round "9"]
[White "Blimke Dalia"]
[Black "Gagloshvili Raissa"]
[Result "1-0"]
[WhiteElo "2105"]
[BlackElo "2220"]
[PlyCount "55"]
[EventDate "1997.??.??"]
[Source "www.chesslib.no"]
[SourceDate "2004.05.04"]

1. e4 e5 2. Nf3 Nf6 3. Bc4 Nxe4 4. Nc3 Nf6 5. Nxe5 d5 6. Bb3 c6 7. O-O Bd6 8. d4 h6 9. Bf4 Be6 10. Qf3 Qc7 11. Rfe1 Nbd7 12. Ng6 Rg8 13. Re3 O-O-O 14. Nb5 cxb5 15. Rc3 Kb8 16. Rxc7 Bxc7 17. Bxc7+ Kxc7 18. Qg3+ Kb6 19. Qd6+ Ka5 20. a4 b4 21. c3 bxc3 22. bxc3 b6 23. Ne7 Nc5 24. Nc6+ Ka6 25. Nxd8 Nxb3 26. Rb1 Ne4 27. Qb8 Ka5 28. Rxb3 1-0

[Event "Badalona op 10th"]
[Site "Barcelona"]
[Date "2002.04.28"]
[Round "2"]
[White "Sanz Calzada, Bernat"]
[Black "Garcia Gil, Javier"]
[Result "0-1"]
[WhiteElo "2050"]
[BlackElo "2265"]
[PlyCount "78"]
[EventDate "2002.04.21"]
[Source "ChessBase"]
[SourceDate "2002.07.08"]

1. e4 e5 2. Nf3 Nf6 3. Bc4 Nxe4 4. d3 Nf6 5. Nxe5 d5 6. Bb3 Bd6 7. d4 O-O 8. O-O h6 9. Nd2 c5 10. c3 Qc7 11. f4 Nc6 12. Ndf3 Bf5 13. h3 Be4 14. Be3 c4 15. Bc2 Ne7 16. Nh4 Bxc2 17. Qxc2 Ne4 18. Qe2 Ng3 19. Qf3 Nxf1 20. Rxf1 Rfe8 21. f5 Bxe5 22. dxe5 Nc6 23. Bxh6 Nxe5 24. Qg3 Qb6+ 25. Be3 Nf3+ 26. Rxf3 Rxe3 27. Rxe3 Re8 28. Kf2 Qxb2+ 29. Kf1 Qc1+ 30. Re1 Rxe1+ 31. Qxe1 Qf4+ 32. Qf2 Qe4 33. f6 g5 34. Nf5 Qb1+ 35. Qe1 Qxf5+ 36. Kg1 Qxf6 37. Qe8+ Kg7 38. Qe1 d4 39. cxd4 Qxd4+ 0-1

[Event "Zaragoza op 11th"]
[Site "?"]
[Date "1999.??.??"]
[Round "8"]
[White "Cervera Procas Ramon"]
[Black "Hernandez Estevez Yudania"]
[Result "1-0"]
[WhiteElo "2059"]
[BlackElo "2255"]
[PlyCount "33"]
[EventDate "1999.??.??"]
[Source "www.chesslib.no"]
[SourceDate "2004.05.04"]

1. e4 e5 2. Nf3 Nf6 3. Bc4 Nxe4 4. Nc3 Nxc3 5. dxc3 f6 6. Nh4 g6 7. f4 Qe7 8. f5 Qg7 9. fxg6 hxg6 10. Qg4 Kd8 11. Qg3 g5 12. Nf5 Qh7 13. O-O c6 14. Bd3 d5 15. Nd6 e4 16. Rxf6 exd3 17. Bxg5 1-0

[Event "London SCCU Open"]
[Site "London ENG"]
[Date "1995.08.??"]
[Round "5"]
[White "Zymberi, Astrit"]
[Black "Briggs, Philip J"]
[Result "0-1"]
[WhiteElo "2032"]
[BlackElo "2280"]
[PlyCount "109"]
[EventDate "1995.08.14"]
[Source "www.chesslib.no"]
[SourceDate "2004.05.04"]

1. e4 e5 2. Nf3 Nf6 3. Bc4 Nxe4 4. Nc3 Nc6 5. Qe2 Nxc3 6. dxc3 Be7 7. Nxe5 Nxe5 8. Qxe5 O-O 9. Be3 d6 10. Qg3 d5 11. O-O-O Bd6 12. Rxd5 Bxg3 13. Rxd8 Rxd8 14. hxg3 h6 15. Rh4 Bf5 16. g4 Bg6 17. f4 Re8 18. f5 Bxf5 19. Bd4 Be4 20. g5 hxg5 21. Rg4 c5 22. Bf2 a6 23. Rxg5 b6 24. b3 g6 25. a4 Kg7 26. a5 f6 27. Rg3 b5 28. Bf1 Rac8 29. Re3 f5 30. g3 g5 31. Re1 Kg6 32. Rd1 Re6 33. Rd7 Bf3 34. Kb2 Bc6 35. Ra7 Be4 36. Rd7 Rf6 37. Re7 Rd6 38. Re5 Rd2 39. Bxc5 Rxc2+ 40. Ka3 Rxc3 41. Bd4 Rxg3 42. Re6+ Kh5 43. Rxa6 Bd5 44. Bxb5 Rxb3+ 45. Ka4 Rxb5 46. Kxb5 Bc4+ 47. Kb6 Bxa6 48. Kxa6 Rc1 49. Kb7 Rc4 50. Bb6 g4 51. a6 Ra4 52. a7 g3 53. Kc6 f4 54. Kb5 Rxa7 55. Bxa7 0-1

[Event "It C"]
[Site "?"]
[Date "2000.01.04"]
[Round "7"]
[White "Fabre Vila Miguel"]
[Black "Pinazo Donoso Jordi"]
[Result "1/2-1/2"]
[WhiteElo "2190"]
[BlackElo "2112"]
[PlyCount "26"]
[EventDate "2000.??.??"]
[Source "www.chesslib.no"]
[SourceDate "2004.05.04"]

1. e4 e5 2. Nf3 Nf6 3. Bc4 Bc5 4. O-O d6 5. d3 O-O 6. h3 h6 7. c3 Be6 8. Nbd2 Nc6 9. Re1 Bb6 10. Bb3 a6 11. Nf1 Bxb3 12. Qxb3 Na5 13. Qc2 Re8 1/2-1/2